Free Time Lyrics - Ruel Quiz Stats

 Plays Quiz not verified by Sporcle

Score 0/284 Timer 10:00
0 Plays Today
Answer % Correct
my
98.6%
my
98.6%
my
98.6%
my
98.6%
my
98.6%
my
98.6%
my
98.6%
my
98.6%
my
98.6%
my
98.6%
free
97.1%
free
97.1%
free
97.1%
free
97.1%
free
97.1%
free
97.1%
but
95.7%
but
95.7%
to
95.7%
you
95.7%
but
95.7%
you
95.7%
time
95.7%
to
95.7%
you
95.7%
to
95.7%
do
95.7%
time
95.7%
but
95.7%
do
95.7%
to
95.7%
but
95.7%
you
95.7%
time
95.7%
to
95.7%
you
95.7%
to
95.7%
do
95.7%
you
95.7%
time
95.7%
to
95.7%
you
95.7%
to
95.7%
do
95.7%
time
95.7%
time
95.7%
probably
94.2%
the
94.2%
the
94.2%
the
94.2%
all
94.2%
and
94.2%
all
94.2%
the
94.2%
all
94.2%
a
94.2%
a
94.2%
probably
94.2%
the
94.2%
the
94.2%
all
94.2%
and
94.2%
all
94.2%
the
94.2%
all
94.2%
all
94.2%
all
94.2%
and
94.2%
all
94.2%
the
94.2%
all
94.2%
all
94.2%
up
92.8%
used
92.8%
now
92.8%
don’t
92.8%
sofa
92.8%
don’t
92.8%
now
92.8%
with
92.8%
this
92.8%
used
92.8%
with
92.8%
used
92.8%
now
92.8%
up
92.8%
this
92.8%
sofa
92.8%
don’t
92.8%
now
92.8%
with
92.8%
this
92.8%
used
92.8%
with
92.8%
used
92.8%
Answer % Correct
now
92.8%
up
92.8%
this
92.8%
with
92.8%
don’t
92.8%
now
92.8%
with
92.8%
this
92.8%
used
92.8%
with
92.8%
used
92.8%
now
92.8%
up
92.8%
this
92.8%
this
92.8%
sleep
91.3%
much
91.3%
should
91.3%
get
91.3%
whats
91.3%
brush
91.3%
clock
91.3%
of
91.3%
friends
91.3%
promise
91.3%
be
91.3%
fine
91.3%
of
91.3%
of
91.3%
of
91.3%
clock
91.3%
of
91.3%
friends
91.3%
promise
91.3%
be
91.3%
fine
91.3%
of
91.3%
of
91.3%
of
91.3%
be
91.3%
of
91.3%
friends
91.3%
promise
91.3%
be
91.3%
fine
91.3%
of
91.3%
of
91.3%
of
91.3%
of
91.3%
of
91.3%
too
89.9%
rush
89.9%
teeth
89.9%
watching
89.9%
from
89.9%
wish
89.9%
come
89.9%
over
89.9%
worry
89.9%
im
89.9%
im
89.9%
in
89.9%
it
89.9%
that
89.9%
im
89.9%
tired
89.9%
toast
89.9%
watch
89.9%
go
89.9%
toast
89.9%
watching
89.9%
from
89.9%
wish
89.9%
come
89.9%
over
89.9%
worry
89.9%
im
89.9%
im
89.9%
in
89.9%
it
89.9%
that
89.9%
im
89.9%
tired
89.9%
it
89.9%
that
89.9%
worry
89.9%
im
89.9%
im
89.9%
in
89.9%
it
89.9%
that
89.9%
im
89.9%
tired
89.9%
im
89.9%
tired
89.9%
Answer % Correct
are
88.4%
not
88.4%
hair
88.4%
just
88.4%
would
88.4%
alone
88.4%
phone
88.4%
spend
88.4%
****
88.4%
we
88.4%
just
88.4%
just
88.4%
would
88.4%
alone
88.4%
phone
88.4%
spend
88.4%
****
88.4%
we
88.4%
alone
88.4%
phone
88.4%
spend
88.4%
****
88.4%
we
88.4%
eyes
87%
shut
87%
i
87%
i
87%
i
87%
said
87%
i
87%
youll
87%
lost
87%
i
87%
stupid
87%
youre
87%
i
87%
i
87%
i
87%
could
87%
i
87%
i
87%
i
87%
i
87%
i
87%
i
87%
said
87%
i
87%
youll
87%
lost
87%
i
87%
stupid
87%
youre
87%
i
87%
i
87%
youre
87%
said
87%
i
87%
youll
87%
lost
87%
i
87%
stupid
87%
youre
87%
make
85.5%
some
85.5%
wont
85.5%
care
84.1%
tied
84.1%
show
84.1%
mind
84.1%
tied
84.1%
tied
84.1%
for
82.6%
for
82.6%
walk
82.6%
anything
81.2%
put
79.7%
thought
76.8%
thought
76.8%
was
75.4%
needed
75.4%
was
75.4%
gone
73.9%
tried
72.5%
freedom
72.5%
wrong
72.5%
crazy
72.5%
leaving
71%
id
69.6%
cool
69.6%
since
69.6%
can
68.1%
can
68.1%
if
66.7%
maybe
53.6%

You're not logged in!

Compare scores with friends on all Sporcle quizzes.
OR
Log In

Sporcle TV

Today on Sporcle TV


Watch our educational content, quiz creation guides, and fun videos on Sporcle TV.

Show Comments

Extras

Top Quizzes Today


Score Distribution

Your Account Isn't Verified!

In order to create a playlist on Sporcle, you need to verify the email address you used during registration. Go to your Sporcle Settings to finish the process.

Report this User

Report this user for behavior that violates our Community Guidelines.

Details: